[Event "TUR-ch"]
[Site "Kemer"]
[Date "2011.02.12"]
[Round "9"]
[White "Asilkefeli, Metin"]
[Black "Kasabali, Cagri"]
[Result "0-1"]
[WhiteElo "2110"]
[BlackElo "1901"]
[PlyCount "64"]
[EventDate "2011.02.05"]
[EventType "swiss"]
[EventRounds "10"]
[EventCountry "TUR"]
[SourceTitle "CBM 140 Extra"]
[Source "ChessBase"]
[SourceDate "2011.03.01"]
[SourceVersion "1"]
[SourceVersionDate "2011.03.01"]
[SourceQuality "1"]

1. d4 Nf6 2. c4 g6 3. Nf3 Bg7 4. Nc3 0-0 5. g3 d6 6. Bg2 a5 7. 0-0 c6 8. h3 Na6 9. e4 Nd7 10. Be3 e5 11. dxe5 dxe5 12. Qd6 Re8 13. Rfd1 Bf8 14. Qd2 Qc7 15. Na4 Ndc5 16. Nxc5 Nxc5 17. Qc2 h6 18. Nh2 f5 19. exf5 Bxf5 20. Qe2 Ne6 21. Ng4 Bg7 22. Nxh6+ Bxh6 23. Bxh6 Nd4 24. Qf1 Qh7 25. Bg5 Bxh3 26. Bxh3 Nf3+ 27. Kg2 Nxg5 28. Bg4 Re7 29. Rd6 Rf8 30. Qd3 e4 31. Qe3 Nf3 32. Rh1 Qxh1+ 0-1